[Event "Bratto op-A 28th"]
[Site "Bratto"]
[Date "2008.08.29"]
[Round "8"]
[White "D'Apa, Matteo"]
[Black "Davi, Alessandro"]
[Result "1-0"]
[WhiteElo "2095"]
[BlackElo "2009"]
[PlyCount "121"]
[EventDate "2008.08.22"]
[EventType "swiss"]
[EventRounds "9"]
[EventCountry "ITA"]
[SourceTitle "CBM 126 Extra"]
[Source "ChessBase"]
[SourceDate "2008.11.05"]
[SourceVersion "1"]
[SourceVersionDate "2008.11.05"]
[SourceQuality "1"]

1. d4 Nf6 2. c4 g6 3. Nc3 d5 4. cxd5 Nxd5 5. e4 Nxc3 6. bxc3 Bg7 7. Nf3 c5 8. Be3 0-0 9. Be2 Nc6 10. 0-0 cxd4 11. cxd4 Bg4 12. e5 e6 13. h3 Bf5 14. Qb3 Qd7 15. Rfd1 Be4 16. Rac1 Bd5 17. Qb2 Rfc8 18. Nd2 Ne7 19. Bc4 Bf8 20. Bxd5 Nxd5 21. Ne4 b6 22. h4 Qb7 23. Qe2 Rxc1 24. Rxc1 Rc8 25. h5 Rxc1+ 26. Bxc1 Qc6 27. Be3 Be7 28. hxg6 hxg6 29. Qf3 Qc2 30. a3 a6 31. Kh2 b5 32. Bg5 Bxg5 33. Nxg5 Qf5 34. Qg3 Qf4 35. Nf3 Qxg3+ 36. Kxg3 a5 37. Nd2 b4 38. axb4 Nxb4 39. Kf3 a4 40. Ke2 Kf8 41. g3 Ke7 42. Nc4 Nc6 43. Kd3 f6 44. Kc3 f5 45. f4 Kf7 46. Ne3 Ne7 47. Kb2 Nc6 48. Nc2 g5 49. Ka3 Kg6 50. Kxa4 gxf4 51. gxf4 Kh5 52. Kb5 Ne7 53. Ne3 Kh4 54. Kc5 Ng6 55. d5 exd5 56. Nxd5 Kg4 57. e6 Kf3 58. Kd6 Ke4 59. Kc5 Kd3 60. e7 Nxe7 61. Nxe7 1-0

[Event "Bratto op-A 28th"]
[Site "Bratto"]
[Date "2008.08.24"]
[Round "3"]
[White "Carrara, Diego"]
[Black "D'Apa, Matteo"]
[Result "0-1"]
[WhiteElo "2043"]
[BlackElo "2095"]
[PlyCount "88"]
[EventDate "2008.08.22"]
[EventType "swiss"]
[EventRounds "9"]
[EventCountry "ITA"]
[SourceTitle "CBM 126 Extra"]
[Source "ChessBase"]
[SourceDate "2008.11.05"]
[SourceVersion "1"]
[SourceVersionDate "2008.11.05"]
[SourceQuality "1"]

1. e4 e5 2. Nf3 Nc6 3. Nc3 Bc5 4. Nxe5 Nxe5 5. d4 Bd6 6. dxe5 Bxe5 7. Bd2 d6 8. Bd3 Ne7 9. Qe2 Be6 10. 0-0-0 Qd7 11. Bc4 0-0-0 12. Kb1 f5 13. Bxe6 Qxe6 14. exf5 Qxf5 15. f4 Bxc3 16. Bxc3 Rhe8 17. g3 Nd5 18. Qd2 Nxc3+ 19. Qxc3 Re2 20. Qd3 Qxd3 21. Rxd3 Rde8 22. Kc1 Rg2 23. Rd2 Ree2 24. Rxe2 Rxe2 25. Kd1 Rg2 26. b3 b5 27. a3 Kd7 28. Kc1 a5 29. b4 axb4 30. axb4 g6 31. Kb2 c5 32. bxc5 dxc5 33. Kc3 Kc6 34. Kb3 c4+ 35. Kb2 b4 36. Kb1 Kc5 37. f5 gxf5 38. Rf1 Rxh2 39. Rxf5+ Kd4 40. Rf3 Re2 41. Rf4+ Re4 42. Rf2 Re3 43. g4 Kc3 44. Rf1 Rg3 0-1

[Event "Milan Crespi op-A 28th"]
[Site "Milan"]
[Date "2007.12.08"]
[Round "6"]
[White "D'Apa, Matteo"]
[Black "Bove, Alessandro"]
[Result "1/2-1/2"]
[WhiteElo "2085"]
[BlackElo "2195"]
[PlyCount "71"]
[EventDate "2007.12.05"]
[EventType "swiss"]
[EventRounds "7"]
[EventCountry "ITA"]
[SourceTitle "EXT 2009"]
[Source "ChessBase"]
[SourceDate "2008.11.26"]
[SourceVersion "1"]
[SourceVersionDate "2008.11.26"]
[SourceQuality "1"]

1. d4 Nf6 2. c4 e6 3. Nc3 d5 4. Nf3 Be7 5. Bg5 Nbd7 6. e3 h6 7. Bh4 0-0 8. Bd3 a6 9. 0-0 dxc4 10. Bxc4 b5 11. Bd3 c5 12. Rc1 cxd4 13. Nxd4 Bb7 14. a3 Rc8 15. Bb1 Qb6 16. Qe2 Rfd8 17. Rfd1 Nf8 18. f3 Ba8 19. Bf2 Qb8 20. Bg3 Qb7 21. Kh1 Bc5 22. Nb3 Rxd1+ 23. Nxd1 Bb6 24. Rxc8 Qxc8 25. e4 Nh5 26. Bf2 Nf4 27. Qc2 Qxc2 28. Bxc2 Bxf2 29. Nxf2 Nd7 30. g3 Ng6 31. Nd3 Nge5 32. Nxe5 Nxe5 33. Nd2 b4 34. Kg2 bxa3 35. bxa3 Nc6 36. Nb3 1/2-1/2

[Event "Milan Crespi op-A 28th"]
[Site "Milan"]
[Date "2007.12.07"]
[Round "4"]
[White "D'Apa, Matteo"]
[Black "Martinez, Rolly"]
[Result "0-1"]
[WhiteElo "2085"]
[BlackElo "2447"]
[PlyCount "42"]
[EventDate "2007.12.05"]
[EventType "swiss"]
[EventRounds "7"]
[EventCountry "ITA"]
[SourceTitle "EXT 2009"]
[Source "ChessBase"]
[SourceDate "2008.11.26"]
[SourceVersion "1"]
[SourceVersionDate "2008.11.26"]
[SourceQuality "1"]

1. d4 Nf6 2. c4 e6 3. Nf3 b6 4. Nc3 Bb7 5. Bg5 h6 6. Bd2 d5 7. e3 Bd6 8. cxd5 exd5 9. Bd3 a6 10. 0-0 Nbd7 11. Qc2 Qe7 12. e4 Nxe4 13. Rfe1 f5 14. Ne5 Nxe5 15. dxe5 Bc5 16. Be3 d4 17. Nxe4 fxe4 18. Bxe4 dxe3 19. Rxe3 0-0-0 20. Bxb7+ Kxb7 21. Qe4+ Kb8 0-1

[Event "Milan Crespi op-A 28th"]
[Site "Milan"]
[Date "2007.12.06"]
[Round "2"]
[White "Rettore, Ludwig"]
[Black "D'Apa, Matteo"]
[Result "0-1"]
[WhiteElo "2177"]
[BlackElo "2085"]
[PlyCount "68"]
[EventDate "2007.12.05"]
[EventType "swiss"]
[EventRounds "7"]
[EventCountry "ITA"]
[SourceTitle "EXT 2009"]
[Source "ChessBase"]
[SourceDate "2008.11.26"]
[SourceVersion "1"]
[SourceVersionDate "2008.11.26"]
[SourceQuality "1"]

1. e4 e5 2. Nf3 Nc6 3. Bc4 Bc5 4. c3 Nf6 5. d4 exd4 6. cxd4 Bb4+ 7. Nc3 Nxe4 8. 0-0 Bxc3 9. d5 0-0 10. bxc3 Ne7 11. Re1 Nd6 12. Ba3 Ng6 13. Qd4 Nf5 14. Qd2 d6 15. Bd3 Bd7 16. c4 Ngh4 17. Ng5 Qf6 18. Ne4 Qh6 19. Qxh6 Nxh6 20. c5 f5 21. Ng5 dxc5 22. Bxc5 Rfe8 23. Bc4 Kh8 24. f3 Ng6 25. Ne6 Bxe6 26. dxe6 b6 27. Ba3 c5 28. Rad1 Rad8 29. Bb2 Ng8 30. Kf2 Rxd1 31. Rxd1 Nf8 32. Bb5 Re7 33. Rd8 Nxe6 34. Ra8 Nc7 0-1

[Event "Bratto op-A 27th"]
[Site "Bratto"]
[Date "2007.08.23"]
[Round "1"]
[White "Rombaldoni, Denis"]
[Black "D'Apa, Matteo"]
[Result "1-0"]
[WhiteElo "2383"]
[BlackElo "2055"]
[PlyCount "97"]
[EventDate "2007.08.23"]
[EventType "swiss"]
[EventRounds "9"]
[EventCountry "ITA"]
[SourceTitle "CBM 120 Extra"]
[Source "ChessBase"]
[SourceDate "2007.11.01"]
[SourceVersion "1"]
[SourceVersionDate "2007.11.01"]
[SourceQuality "1"]

1. d4 d5 2. c4 c6 3. Nf3 Nf6 4. e3 e6 5. Nc3 Be7 6. Qc2 Nbd7 7. g4 dxc4 8. e4 Nb6 9. g5 Nfd7 10. Bf4 a5 11. 0-0-0 a4 12. a3 0-0 13. h4 Qe8 14. Bh3 Nb8 15. h5 N6d7 16. g6 b5 17. Rdg1 b4 18. gxf7+ Rxf7 19. Bxe6 bxc3 20. h6 cxb2+ 21. Kb1 g6 22. Qxc4 Nf8 23. Bxf7+ Qxf7 24. Qxf7+ Kxf7 25. Bxb8 Rxb8 26. Ne5+ Ke8 27. Nxc6 Rb6 28. Nxe7 Kxe7 29. d5 Nd7 30. Rh3 Ne5 31. Rc3 Ba6 32. Rd1 Be2 33. Rd2 Bf3 34. Rd4 Be2 35. f4 Nf3 36. Rb4 Nd2+ 37. Kxb2 Rxb4+ 38. axb4 Nc4+ 39. Ka2 Bd1 40. e5 Bb3+ 41. Ka1 Kd7 42. d6 Ke8 43. b5 Kd8 44. Kb1 Na3+ 45. Kb2 Nc4+ 46. Ka1 Ke8 47. Rd3 Nb6 48. Rg3 Be6 49. Rxg6 1-0

[Event "Milan Crespi op 27th"]
[Site "Milan"]
[Date "2006.12.09"]
[Round "5"]
[White "Tagliagambe, Stefano"]
[Black "D'Apa, Matteo"]
[Result "1/2-1/2"]
[WhiteElo "2050"]
[BlackElo "2026"]
[PlyCount "25"]
[EventDate "2006.12.07"]
[EventType "swiss"]
[EventRounds "6"]
[EventCountry "ITA"]
[SourceTitle "EXT 2008"]
[Source "ChessBase"]
[SourceDate "2007.11.25"]
[SourceVersion "1"]
[SourceVersionDate "2007.11.25"]
[SourceQuality "1"]

1. Nf3 d5 2. c4 d4 3. e3 c5 4. exd4 cxd4 5. b4 Nd7 6. Bb2 e5 7. c5 Ngf6 8. Bc4 Be7 9. Ng5 0-0 10. Bxf7+ Rxf7 11. Ne6 Qe8 12. Nc7 Qd8 13. Ne6 1/2-1/2

[Event "Bratto op 26th"]
[Site "Bratto"]
[Date "2006.08.26"]
[Round "8"]
[White "D'Apa, Matteo"]
[Black "Gazzarri, Alberto"]
[Result "1/2-1/2"]
[WhiteElo "2020"]
[BlackElo "2143"]
[PlyCount "70"]
[EventDate "2006.08.19"]
[EventType "swiss"]
[EventRounds "9"]
[EventCountry "ITA"]
[SourceTitle "CBM 113 Extra"]
[Source "ChessBase"]
[SourceDate "2006.09.14"]
[SourceVersion "1"]
[SourceVersionDate "2006.09.14"]
[SourceQuality "1"]

1. d4 d5 2. c4 c6 3. Nc3 Nf6 4. Nf3 Nbd7 5. Bg5 Qa5 6. Qd2 e6 7. cxd5 exd5 8. e3 Bb4 9. Bxf6 Nxf6 10. Bd3 Ne4 11. Bxe4 dxe4 12. Ne5 Be6 13. h3 f6 14. Ng4 h5 15. Nh2 Bc4 16. a3 Bd3 17. Rc1 Bxc3 18. Rxc3 Qg5 19. f3 f5 20. f4 Qg6 21. Kf2 0-0 22. Rxd3 exd3 23. Nf3 Qe6 24. Qxd3 Rad8 25. Rc1 Rd5 26. Ne5 Rfd8 27. Qe2 Qh6 28. Qc2 Qf6 29. Qb3 Qh4+ 30. Kf1 Kh7 31. Qxb7 Rb5 32. Qf7 Rxb2 33. Qxf5+ Kg8 34. Qf7+ Kh7 35. Qf5+ Kg8 1/2-1/2

[Event "Bratto op 26th"]
[Site "Bratto"]
[Date "2006.08.23"]
[Round "5"]
[White "Burani, Eugenio"]
[Black "D'Apa, Matteo"]
[Result "0-1"]
[WhiteElo "2034"]
[BlackElo "2020"]
[PlyCount "68"]
[EventDate "2006.08.19"]
[EventType "swiss"]
[EventRounds "9"]
[EventCountry "ITA"]
[SourceTitle "CBM 113 Extra"]
[Source "ChessBase"]
[SourceDate "2006.09.14"]
[SourceVersion "1"]
[SourceVersionDate "2006.09.14"]
[SourceQuality "1"]

1. e4 e5 2. Nf3 Nc6 3. Bc4 Bc5 4. c3 Nf6 5. d3 h6 6. 0-0 0-0 7. b4 Bb6 8. b5 Na5 9. Nxe5 d6 10. Nxf7 Rxf7 11. Bxf7+ Kxf7 12. Kh1 a6 13. a4 Be6 14. Nd2 Qd7 15. f4 Kg8 16. f5 Bf7 17. bxa6 bxa6 18. Qf3 Re8 19. Qg3 Kh8 20. Qh3 d5 21. Nf3 dxe4 22. Bxh6 exf3 23. Bg5+ Kg8 24. Rxf3 Qxa4 25. Raf1 Qg4 26. Bxf6 Qxh3 27. Rxh3 gxf6 28. d4 Nc4 29. g4 Re3 30. Rxe3 Nxe3 31. Rf4 a5 32. Kg1 a4 33. Rf3 Nc4 34. Rf1 a3 0-1

[Event "Milan Crespi op 26th"]
[Site "Milan"]
[Date "2005.12.08"]
[Round "3"]
[White "Tencati, Giuseppe"]
[Black "D'Apa, Matteo"]
[Result "0-1"]
[WhiteElo "2132"]
[BlackElo "2004"]
[PlyCount "96"]
[EventDate "2005.12.07"]
[EventType "swiss"]
[EventRounds "7"]
[EventCountry "ITA"]
[SourceTitle "EXT 2007"]
[Source "ChessBase"]
[SourceDate "2006.11.23"]
[SourceVersion "1"]
[SourceVersionDate "2006.11.23"]
[SourceQuality "1"]

1. d4 d5 2. c4 c6 3. Nf3 Nf6 4. Qc2 e6 5. Bg5 Be7 6. e3 Nbd7 7. Nc3 b6 8. Bd3 Bb7 9. 0-0 h6 10. Bh4 0-0 11. Rad1 Rc8 12. Ne5 c5 13. Qe2 a6 14. cxd5 exd5 15. Nxd7 Nxd7 16. Bxe7 Qxe7 17. Bxa6 Bxa6 18. Qxa6 Ra8 19. Qe2 Nf6 20. a3 c4 21. Rfe1 Rfe8 22. f3 Qd7 23. e4 b5 24. Qd2 Rab8 25. e5 Nh7 26. Na2 Re6 27. f4 f5 28. Nc3 Nf8 29. Qc2 Reb6 30. Na2 Ng6 31. Rf1 Ne7 32. Nb4 Nc6 33. Nxc6 Rxc6 34. Rc1 b4 35. Qa4 bxa3 36. bxa3 Qb7 37. Qc2 g6 38. Rb1 Rb6 39. Rxb6 Qxb6 40. Rd1 Qa7 41. a4 Rb3 42. Qe2 Qxa4 43. e6 Re3 44. Qxe3 Qxd1+ 45. Kf2 Qc2+ 46. Ke1 Qe4 47. Qxe4 fxe4 48. Kd2 h5 0-1

[Event "Bratto op 25th"]
[Site "Bratto"]
[Date "2005.08.26"]
[Round "7"]
[White "D'Apa, Matteo"]
[Black "Cazzaniga, Walter"]
[Result "1/2-1/2"]
[WhiteElo "1995"]
[BlackElo "2123"]
[PlyCount "65"]
[EventDate "2005.08.20"]
[EventType "swiss"]
[EventRounds "9"]
[EventCountry "ITA"]
[SourceTitle "CBM 108 Extra"]
[Source "ChessBase"]
[SourceDate "2005.11.04"]
[SourceVersion "1"]
[SourceVersionDate "2005.11.04"]
[SourceQuality "1"]

1. d4 Nf6 2. c4 g6 3. Nc3 Bg7 4. e4 d6 5. f3 0-0 6. Be3 Nc6 7. Qd2 a6 8. 0-0-0 Rb8 9. Bh6 e5 10. d5 Nd4 11. h4 Nh5 12. Bxg7 Kxg7 13. Nge2 Nxe2+ 14. Nxe2 Qf6 15. Kb1 Bd7 16. Qe3 Nf4 17. g4 h6 18. Rd2 b6 19. Nxf4 exf4 20. Qd4 Qxd4 21. Rxd4 Kf6 22. Be2 Ke5 23. Rdd1 b5 24. Kc2 Rb6 25. h5 g5 26. Kc3 Rfb8 27. b3 a5 28. Rd2 f6 29. Rb1 bxc4 30. Bxc4 Bb5 31. Rbb2 Bxc4 32. Kxc4 Rb5 33. Rbc2 1/2-1/2

[Event "Milan Crespi op 25th"]
[Site "Milan"]
[Date "2004.12.05"]
[Round "3"]
[White "Pace, Pietro Dario"]
[Black "D'Apa, Matteo"]
[Result "0-1"]
[WhiteElo "2130"]
[BlackElo "1973"]
[PlyCount "120"]
[EventDate "2004.12.04"]
[EventType "swiss"]
[EventRounds "9"]
[EventCountry "ITA"]
[SourceTitle "EXT 2007"]
[Source "ChessBase"]
[SourceDate "2006.11.23"]
[SourceVersion "1"]
[SourceVersionDate "2006.11.23"]
[SourceQuality "1"]

1. e4 e5 2. Nf3 Nc6 3. Bc4 Bc5 4. c3 Nf6 5. b4 Bb6 6. d3 d6 7. 0-0 Be6 8. Bxe6 fxe6 9. a4 a6 10. Nbd2 0-0 11. Nc4 Ba7 12. Be3 Bxe3 13. fxe3 b5 14. axb5 axb5 15. Na3 Qb8 16. Qb3 Re8 17. Ng5 Nd8 18. Nc2 Rxa1 19. Rxa1 h6 20. Nf3 Qb6 21. h3 Kf7 22. Kh2 Nc6 23. Qa3 Rb8 24. Nd2 Rb7 25. Qa6 Ke7 26. Qa2 Ra7 27. Qb2 Rxa1 28. Qxa1 Qa7 29. Qb2 Nb8 30. c4 c6 31. c5 dxc5 32. Qxe5 Nbd7 33. Qc3 Qc7+ 34. Kg1 cxb4 35. Qxb4+ Qd6 36. Qc3 Qc5 37. Qb2 e5 38. d4 Qd6 39. Qc3 c5 40. d5 b4 41. Qd3 Nb6 42. Na1 Na4 43. Nc4 Qa6 44. Nb3 Nb2 45. Nxb2 Qxd3 46. Nxd3 c4 47. Nd2 cxd3 48. Kf1 Kd6 49. Ke1 Kc5 50. Kd1 Nd7 51. Nf3 Kc4 52. Nd2+ Kc3 53. Kc1 b3 54. Nb1+ Kb4 55. Kb2 Nc5 56. Nd2 Na4+ 57. Kc1 b2+ 58. Kb1 Kc3 59. d6 Nc5 60. Nf3 d2 0-1